[Event "British Rapidplay"]
[Site "Peterborough"]
[Date "2025.03.02"]
[Round "7.73"]
[White "Sennaroglu, Djan"]
[Black "Bahtiyorova, Nodirabegim"]
[Result "0-1"]
[WhiteElo "1693"]
[BlackElo "1761"]
[PlyCount "162"]
[EventDate "2025.03.01"]
[EventType "swiss (rapid)"]
[EventRounds "11"]
[EventCountry "ENG"]
[SourceTitle "BritBase"]
[Source "John Saunders"]
[SourceDate "2025.03.03"]
[SourceVersion "1"]
[SourceVersionDate "2025.03.03"]
[SourceQuality "2"]

1. e4 e5 2. Nf3 Nf6 3. d4 Nxe4 4. Nxe5 d5 5. Bd3 Bd6 6. Nf3 Bg4 7. O-O O-O 8. c4 c6 9. Re1 Re8 10. h3 Bh5 11. Nbd2 f5 12. Qb3 Qb6 13. Qc2 Qc7 14. c5 Bf4 15. b4 Nd7 16. a4 Re6 17. Kf1 Rae8 18. b5 g6 19. Bb2 Nxd2+ 20. Nxd2 Rxe1+ 21. Rxe1 Rxe1+ 22. Kxe1 Nf6 23. Nf1 Qe7+ 24. Be2 Bxe2 25. Qxe2 Kf7 26. Qxe7+ Kxe7 27. g3 Bc7 28. Ke2 Ke6 29. f4 Ne4 30. Ke3 h5 31. h4 Ba5 32. Bc1 Be1 33. Bd2 Bxg3 34. Nxg3 Nxg3 35. Ba5 Ne4 36. Bc7 Nc3 37. Bb8 a6 38. bxc6 bxc6 39. a5 Ne4 40. Be5 Kd7 41. Kd3 Nf2+ 42. Ke3 Nd1+ 43. Kd2 Nb2 44. Kc3 Nc4 45. Kb4 Ne3 46. Bf6 Ke6 47. Bg5 Ng4 48. Kc3 Nf2 49. Kd2 Ne4+ 50. Ke3 Kd7 51. Kd3 Ke6 52. Ke3 Nc3 53. Kd3 Nb5 54. Bh6 Na3 55. Kc3 Nc4 56. Kb4 Nd2 57. Bg5 Nf3 58. Kc3 Nxg5 59. fxg5 f4 60. Kd3 Kf5 61. Ke2 Kg4 62. Kf2 Kxh4 63. Kf3 Kxg5 64. Kf2 Kg4 65. Kg2 f3+ 66. Kf2 Kf4 67. Kf1 Ke3 68. Kg1 g5 69. Kf1 g4 70. Kg1 g3 71. Kf1 h4 72. Kg1 h3 73. Kf1 g2+ 74. Kg1 h2+ 75. Kxh2 Kf2 76. Kh3 g1=Q 77. Kh4 Qg3+ 78. Kh5 Ke3 79. Kh6 f2 80. Kh5 f1=R 81. Kh6 Rh1# 0-1

[Event "British Rapidplay"]
[Site "Peterborough"]
[Date "2025.03.02"]
[Round "7.74"]
[White "Davis, Joshua"]
[Black "Liu, Jacob"]
[Result "0-1"]
[WhiteElo "1716"]
[BlackElo "1779"]
[PlyCount "62"]
[EventDate "2025.03.01"]
[EventType "swiss (rapid)"]
[EventRounds "11"]
[EventCountry "ENG"]
[SourceTitle "BritBase"]
[Source "John Saunders"]
[SourceDate "2025.03.03"]
[SourceVersion "1"]
[SourceVersionDate "2025.03.03"]
[SourceQuality "2"]

1. d4 d5 2. c4 c6 3. cxd5 cxd5 4. Nc3 Nf6 5. Nf3 Nc6 6. Ne5 e6 7. e3 Bd7 8. Bd3 Bd6 9. f4 a6 10. O-O O-O 11. a3 Ne8 12. Bd2 f6 13. Qh5 h6 14. Ng6 Rf7 15. Rf3 f5 16. Rg3 Nf6 17. Qh3 Ne4 18. Bxe4 fxe4 19. Ne5 Bxe5 20. fxe5 Ne7 21. Rf1 Rxf1+ 22. Kxf1 Qf8+ 23. Ke2 Rc8 24. Rg4 Rxc3 25. Rf4 Qxf4 26. Bxc3 Bb5+ 27. Kd2 Qf2+ 28. Kc1 Qf1+ 29. Kd2 Qd3+ 30. Kc1 Ba4 31. Qxe6+ Kh7 0-1

[Event "British Rapidplay"]
[Site "Peterborough"]
[Date "2025.03.02"]
[Round "7.75"]
[White "Boganadham, Ved Sudeep"]
[Black "Basher, Ekramul"]
[Result "1-0"]
[WhiteElo "1649"]
[BlackElo "1726"]
[PlyCount "111"]
[EventDate "2025.03.01"]
[EventType "swiss (rapid)"]
[EventRounds "11"]
[EventCountry "ENG"]
[SourceTitle "BritBase"]
[Source "John Saunders"]
[SourceDate "2025.03.03"]
[SourceVersion "1"]
[SourceVersionDate "2025.03.03"]
[SourceQuality "2"]

1. e4 e6 2. d4 d5 3. Nd2 Bb4 4. c3 Be7 5. e5 f6 6. Ngf3 Nc6 7. Bd3 fxe5 8. Nxe5 Nxe5 9. dxe5 Bc5 10. Qh5+ Kd7 11. Nb3 Bb6 12. a4 a5 13. O-O Ne7 14. Rd1 g6 15. Qe2 Rf8 16. Be3 Bxe3 17. Qxe3 b6 18. c4 Bb7 19. c5 Nc6 20. cxb6 cxb6 21. Bb5 Ke7 22. Bxc6 Bxc6 23. Rac1 Bb7 24. Nd4 Kf7 25. Nb5 Bc8 26. Rc7+ Kg8 27. Qh6 Bd7 28. Rdc1 Rc8 29. Rxc8 Bxc8 30. Nd6 Bd7 31. Rc3 Qe7 32. b3 Qg7 33. Qxg7+ Kxg7 34. Rc7 Rd8 35. Rb7 Kg8 36. Rxb6 d4 37. Ne4 Rc8 38. Kf1 d3 39. Ke1 Bc6 40. Nd6 Rc7 41. Kd2 Bd5 42. Rb8+ Kg7 43. Ne8+ Kh6 44. Nxc7 Bxg2 45. Nxe6 Be4 46. Nc5 Bf5 47. Nxd3 Kh5 48. Rb7 h6 49. Nf4+ Kg4 50. Nd3 Kh3 51. Rh7 h5 52. Nf4+ Kxh2 53. Nxh5 Kg2 54. Ng7 Kxf2 55. Nxf5 gxf5 56. e6 1-0

[Event "British Rapidplay"]
[Site "Peterborough"]
[Date "2025.03.02"]
[Round "7.76"]
[White "Reghu, Jyothika U"]
[Black "Zajaczkowski, Marek"]
[Result "1-0"]
[WhiteElo "1767"]
[BlackElo "1710"]
[PlyCount "107"]
[EventDate "2025.03.01"]
[EventType "swiss (rapid)"]
[EventRounds "11"]
[EventCountry "ENG"]
[SourceTitle "BritBase"]
[Source "John Saunders"]
[SourceDate "2025.03.03"]
[SourceVersion "1"]
[SourceVersionDate "2025.03.03"]
[SourceQuality "2"]

1. e4 Nf6 2. e5 Nd5 3. c4 Nb6 4. d4 d6 5. exd6 exd6 6. Nc3 Nc6 7. Be3 g6 8. Rc1 Bg7 9. b3 a6 10. Be2 O-O 11. Nf3 Bg4 12. h3 Bxf3 13. Bxf3 Qf6 14. Ne4 Qe7 15. d5 Ne5 16. O-O Nbd7 17. Nc3 b6 18. Re1 Nxf3+ 19. Qxf3 Qf6 20. Qg3 h6 21. h4 Rae8 22. Ne2 Re7 23. Bd4 Qf5 24. Bxg7 Kxg7 25. Nd4 Rxe1+ 26. Rxe1 Qf6 27. Nc6 Rc8 28. Qg4 Qf5 29. Qxf5 gxf5 30. Ne7 Rd8 31. Nxf5+ Kg6 32. g4 h5 33. Ne7+ Kh6 34. g5+ Kg7 35. Nc6 Rc8 36. f4 Nc5 37. Re3 b5 38. cxb5 axb5 39. b4 Na4 40. f5 Nb2 41. f6+ Kf8 42. a3 Nc4 43. Rc3 Ra8 44. a4 Rxa4 45. Kf2 Ra3 46. Rxa3 Nxa3 47. Nd4 Ke8 48. Kf3 Kf8 49. Ke4 Ke8 50. Kf5 Kf8 51. g6 fxg6+ 52. Kxg6 Kg8 53. f7+ Kf8 54. Ne6+ 1-0

[Event "British Rapidplay"]
[Site "Peterborough"]
[Date "2025.03.02"]
[Round "8.1"]
[White "Vitiugov, Nikita"]
[Black "Maroroa Jones, Gawain C B"]
[Result "1/2-1/2"]
[WhiteElo "2668"]
[BlackElo "2654"]
[PlyCount "29"]
[EventDate "2025.03.01"]
[EventType "swiss (rapid)"]
[EventRounds "11"]
[EventCountry "ENG"]
[SourceTitle "BritBase"]
[Source "John Saunders"]
[SourceDate "2025.03.03"]
[SourceVersion "1"]
[SourceVersionDate "2025.03.03"]
[SourceQuality "2"]

1. e4 e5 2. Nf3 Nc6 3. Bb5 Nf6 4. d3 d6 5. c3 a6 6. Ba4 g6 7. O-O Bg7 8. Re1 O-O 9. a3 Bd7 10. Nbd2 Kh8 11. b4 Ng8 12. Bb3 f5 13. Nf1 f4 14. h3 g5 15. d4 1/2-1/2

[Event "British Rapidplay"]
[Site "Peterborough"]
[Date "2025.03.02"]
[Round "8.2"]
[White "Kovchan, Alexander"]
[Black "Roberson, Peter T"]
[Result "1-0"]
[WhiteElo "2433"]
[BlackElo "2434"]
[PlyCount "59"]
[EventDate "2025.03.01"]
[EventType "swiss (rapid)"]
[EventRounds "11"]
[EventCountry "ENG"]
[SourceTitle "BritBase"]
[Source "John Saunders"]
[SourceDate "2025.03.03"]
[SourceVersion "1"]
[SourceVersionDate "2025.03.03"]
[SourceQuality "2"]

1. e4 e6 2. d4 d5 3. Nd2 c5 4. exd5 Qxd5 5. Ngf3 cxd4 6. Bc4 Qd6 7. O-O Nf6 8. Nb3 Nc6 9. Nbxd4 Nxd4 10. Nxd4 Be7 11. Nb5 Qc6 12. Qe2 O-O 13. Bf4 a6 14. Nd4 Qb6 15. c3 Bd7 16. Rad1 Rac8 17. Bb3 Rfe8 18. Rd3 Nd5 19. Be5 Bf6 20. Rg3 Rc5 21. Nf3 Bxe5 22. Nxe5 Nf6 23. Qe3 g6 24. Re1 Kg7 25. Rf3 Re7 26. Rxf6 Kxf6 27. Ng4+ Kf5 28. h4 Kxg4 29. Bd1+ Kxh4 30. Qg3# 1-0

[Event "British Rapidplay"]
[Site "Peterborough"]
[Date "2025.03.02"]
[Round "8.3"]
[White "Gormally, Daniel W"]
[Black "Gasanov, Eldar"]
[Result "1/2-1/2"]
[WhiteElo "2428"]
[BlackElo "2469"]
[PlyCount "182"]
[EventDate "2025.03.01"]
[EventType "swiss (rapid)"]
[EventRounds "11"]
[EventCountry "ENG"]
[SourceTitle "BritBase"]
[Source "John Saunders"]
[SourceDate "2025.03.03"]
[SourceVersion "1"]
[SourceVersionDate "2025.03.03"]
[SourceQuality "2"]

1. d4 Nf6 2. Nf3 b6 3. Bg5 Bb7 4. Nbd2 g6 5. e3 Bg7 6. Bd3 c5 7. c3 d6 8. O-O O-O 9. Re1 Nbd7 10. e4 h6 11. Bh4 cxd4 12. cxd4 Nh5 13. Rc1 g5 14. Bg3 Nxg3 15. hxg3 e6 16. Nb3 Rc8 17. Qe2 Ba8 18. Ba6 Rc6 19. Bb5 Rxc1 20. Rxc1 Nb8 21. Nfd2 Bb7 22. Qe3 a6 23. Bd3 b5 24. g4 Nc6 25. Nf3 Qb6 26. Bb1 Rc8 27. Qd2 Ne7 28. Rxc8+ Bxc8 29. Nc1 Ng6 30. Ne2 e5 31. dxe5 Nxe5 32. Ng3 Bxg4 33. Nh2 Be6 34. b3 Qc5 35. Nhf1 Ng4 36. Ne3 Bc3 37. Qd3 Nxe3 38. fxe3 Be5 39. Ne2 a5 40. Kf2 b4 41. Nd4 Bd7 42. Nf3 Kg7 43. Qe2 Bf6 44. Nh2 Be5 45. Nf3 Bb5 46. Bd3 Bc6 47. Nd2 Bf6 48. Nc4 d5 49. exd5 Qxd5 50. Kg1 Bc3 51. Bb1 f5 52. Bc2 Kf6 53. Qf2 Kg6 54. Nb6 Qe6 55. g4 Be4 56. gxf5+ Qxf5 57. Bxe4 Qxe4 58. Nc4 a4 59. Qf8 axb3 60. axb3 Kh5 61. Kf2 g4 62. Kg3 Be1+ 63. Kh2 g3+ 64. Kg1 Bf2+ 65. Kf1 Qh1+ 66. Ke2 Qe1+ 67. Kf3 Qd1+ 68. Kg2 Qd5+ 69. Kf1 Qg5 70. Kg2 Kh4 71. Nd6 Qd5+ 72. e4 Qd2 73. Qf6+ Qg5 74. Nf5+ Kh5 75. Ng7+ Kh4 76. Nf5+ Kg4 77. Qe6 Kf4 78. Nxh6 Qh5 79. Qf5+ Qxf5 80. exf5 Kg5 81. Ng8 Kxf5 82. Ne7+ Kg4 83. Nc6 Bc5 84. Ne5+ Kh4 85. Nf3+ Kg4 86. Ne5+ Kh4 87. Nf3+ Kg4 88. Ne5+ Kf5 89. Nd3 Bd6 90. Nxb4 Bxb4 91. Kxg3 Ke5 1/2-1/2

[Event "British Rapidplay"]
[Site "Peterborough"]
[Date "2025.03.02"]
[Round "8.4"]
[White "Ghasi, Ameet K"]
[Black "Eckersley-Waites, Adam"]
[Result "1-0"]
[WhiteElo "2505"]
[BlackElo "2247"]
[PlyCount "117"]
[EventDate "2025.03.01"]
[EventType "swiss (rapid)"]
[EventRounds "11"]
[EventCountry "ENG"]
[SourceTitle "BritBase"]
[Source "John Saunders"]
[SourceDate "2025.03.03"]
[SourceVersion "1"]
[SourceVersionDate "2025.03.03"]
[SourceQuality "2"]

1. Nf3 Nf6 2. g3 g6 3. b3 Bg7 4. Bb2 O-O 5. Bg2 c5 6. c4 Nc6 7. O-O d6 8. d4 cxd4 9. Nxd4 Bd7 10. Nc3 Qa5 11. e3 Rfc8 12. Qe2 Rab8 13. Rac1 a6 14. a3 Qd8 15. Rfe1 Na5 16. Qd1 b5 17. cxb5 axb5 18. Na2 e5 19. Nf3 Be6 20. Rxc8 Rxc8 21. Nd2 Qb6 22. Nb4 h5 23. h3 Nb7 24. Qe2 Nc5 25. Rc1 Re8 26. Qd1 e4 27. Bd4 Nfd7 28. Nxe4 Bxd4 29. Qxd4 Nxe4 30. Qxe4 Qd8 31. Qf4 Bxb3 32. Bd5 Bxd5 33. Nxd5 Re5 34. Qd4 Nf6 35. Nf4 Qe7 36. Rd1 Ne4 37. h4 Qf6 38. Nd3 Re6 39. Qxf6 Rxf6 40. Nf4 Rf5 41. Kg2 Rc5 42. Kf3 f5 43. Nxg6 Kf7 44. Nf4 Rc2 45. Nh3 Ra2 46. Ng5+ Nxg5+ 47. hxg5 Kg6 48. Rxd6+ Kxg5 49. Rd5 Rxa3 50. Rxb5 Ra2 51. e4 Ra3+ 52. Kg2 Ra4 53. Rxf5+ Kg6 54. Kf3 Ra3+ 55. Kf4 Ra4 56. Rb5 Rc4 57. Rb6+ Kg7 58. f3 Rc5 59. Rd6 1-0

[Event "British Rapidplay"]
[Site "Peterborough"]
[Date "2025.03.02"]
[Round "8.5"]
[White "Han, Yichen"]
[Black "Pritchett, Craig William"]
[Result "1-0"]
[WhiteElo "2430"]
[BlackElo "2177"]
[PlyCount "91"]
[EventDate "2025.03.01"]
[EventType "swiss (rapid)"]
[EventRounds "11"]
[EventCountry "ENG"]
[SourceTitle "BritBase"]
[Source "John Saunders"]
[SourceDate "2025.03.03"]
[SourceVersion "1"]
[SourceVersionDate "2025.03.03"]
[SourceQuality "2"]

1. d4 Nf6 2. c4 e6 3. Bf4 Bb4+ 4. Nd2 d5 5. a3 Bd6 6. Bg5 h6 7. Bh4 Be7 8. Qc2 O-O 9. e3 Nbd7 10. Ngf3 b6 11. Rc1 Bb7 12. Be2 c5 13. O-O Rc8 14. Qa4 Bc6 15. Qb3 a5 16. Rfd1 a4 17. Qc2 Qc7 18. cxd5 exd5 19. Nb1 c4 20. Qf5 Qd6 21. Ne5 Qe6 22. Qxe6 fxe6 23. Nc3 b5 24. Rc2 g5 25. Ng6 Rfe8 26. Nxe7+ Rxe7 27. Bg3 e5 28. dxe5 Nxe5 29. Rcd2 Rce8 30. h3 Rb7 31. f4 Ng6 32. Bf3 Rxe3 33. fxg5 hxg5 34. Bf2 Re5 35. Bd4 Rf5 36. Bxf6 Rxf6 37. Bxd5+ Bxd5 38. Rxd5 b4 39. axb4 Rxb4 40. R1d2 Kg7 41. Rxg5 Rfb6 42. Rd7+ Kh6 43. Ra5 Rxb2 44. Nxa4 Rb1+ 45. Kh2 Rf6 46. g4 1-0

[Event "British Rapidplay"]
[Site "Peterborough"]
[Date "2025.03.02"]
[Round "8.6"]
[White "Czopor, Maciej"]
[Black "Mirzoeva, Elmira"]
[Result "1-0"]
[WhiteElo "2412"]
[BlackElo "2272"]
[PlyCount "93"]
[EventDate "2025.03.01"]
[EventType "swiss (rapid)"]
[EventRounds "11"]
[EventCountry "ENG"]
[SourceTitle "BritBase"]
[Source "John Saunders"]
[SourceDate "2025.03.03"]
[SourceVersion "1"]
[SourceVersionDate "2025.03.03"]
[SourceQuality "2"]

1. e4 c6 2. Nc3 d5 3. Nf3 Bg4 4. Be2 e6 5. d4 Nf6 6. e5 Nfd7 7. Ng5 Bxe2 8. Nxe2 Be7 9. h4 h6 10. Nf3 c5 11. c3 Nc6 12. Kf1 Qc7 13. Rh3 O-O-O 14. h5 Kb8 15. Rb1 Ka8 16. Bd2 Rc8 17. Rg3 Rhg8 18. Kg1 f6 19. exf6 Nxf6 20. Rh3 e5 21. dxe5 Nxe5 22. Nxe5 Qxe5 23. Nf4 Qf5 24. Rc1 Bd6 25. Ng6 Rge8 26. Be3 Ng4 27. Qf3 Qxf3 28. Rxf3 Nxe3 29. fxe3 c4 30. Rd1 Bc5 31. Kf2 Rcd8 32. Nh4 Re5 33. Nf5 Rf8 34. g4 b5 35. Ke2 Kb7 36. Rdf1 Rfe8 37. Kd2 Re4 38. Rg3 R8e5 39. Rff3 b4 40. g5 hxg5 41. Rxg5 Bf8 42. Rg6 bxc3+ 43. bxc3 Re6 44. Rxe6 Rxe6 45. Nd4 Re8 46. Rf5 Kc7 47. Rxf8 1-0

[Event "British Rapidplay"]
[Site "Peterborough"]
[Date "2025.03.02"]
[Round "8.7"]
[White "Khoury, Theo"]
[Black "Buckley, Graeme N"]
[Result "1-0"]
[WhiteElo "2164"]
[BlackElo "2268"]
[PlyCount "96"]
[EventDate "2025.03.01"]
[EventType "swiss (rapid)"]
[EventRounds "11"]
[EventCountry "ENG"]
[SourceTitle "BritBase"]
[Source "John Saunders"]
[SourceDate "2025.03.03"]
[SourceVersion "1"]
[SourceVersionDate "2025.03.03"]
[SourceQuality "2"]

1. e4 c5 2. Nf3 Nc6 3. d4 cxd4 4. Nxd4 Nf6 5. Nc3 e6 6. Ndb5 Bc5 7. Bf4 O-O 8. Bc7 Qe7 9. Bd6 Bxd6 10. Qxd6 Qd8 11. O-O-O a6 12. Nd4 Ne7 13. h4 b5 14. h5 h6 15. Bd3 Bb7 16. f3 Ne8 17. Qh2 b4 18. Nce2 Qa5 19. Kb1 e5 20. Nf5 Nxf5 21. exf5 f6 22. f4 Qc7 23. fxe5 fxe5 24. Qh4 d5 25. c3 bxc3 26. Nxc3 Nf6 27. Rhg1 d4 28. Ne4 Bxe4 29. Bxe4 Rab8 30. Bc2 Kh8 31. g4 Nh7 32. Qg3 Ng5 33. Rge1 Qb6 34. b3 a5 35. Rxe5 a4 36. Qd3 axb3 37. axb3 Qf6 38. Rde1 Ra8 39. Re6 Qd8 40. Ra6 Rxa6 41. Qxa6 Nf3 42. Re6 Qg5 43. Qc6 Qf4 44. Re8 Nd2+ 45. Ka2 Rxe8 46. Qxe8+ Kh7 47. f6+ d3 48. Bxd3+ Qe4 1-0

[Event "British Rapidplay"]
[Site "Peterborough"]
[Date "2025.03.02"]
[Round "8.8"]
[White "Slaby, Jerzy"]
[Black "Mikalajunas, Kajus"]
[Result "1-0"]
[WhiteElo "2464"]
[BlackElo "2080"]
[PlyCount "111"]
[EventDate "2025.03.01"]
[EventType "swiss (rapid)"]
[EventRounds "11"]
[EventCountry "ENG"]
[SourceTitle "BritBase"]
[Source "John Saunders"]
[SourceDate "2025.03.03"]
[SourceVersion "1"]
[SourceVersionDate "2025.03.03"]
[SourceQuality "2"]

1. e4 c6 2. d4 d5 3. f3 e6 4. Nc3 Bb4 5. Bd2 Ne7 6. a3 Ba5 7. Nge2 O-O 8. Bf4 Nd7 9. Qd2 dxe4 10. fxe4 Nf6 11. Ng3 Ng6 12. Bg5 e5 13. d5 cxd5 14. b4 d4 15. Nd5 Bb6 16. Bxf6 gxf6 17. Nh5 Nf4 18. Ndxf4 exf4 19. Qxf4 Qc7 20. Nxf6+ Kh8 21. Qxc7 Bxc7 22. Bd3 Be6 23. O-O Be5 24. Rf3 Rac8 25. Nd5 Rfd8 26. Raf1 Bxd5 27. exd5 f6 28. Rh3 Rc7 29. Be4 Rdd7 30. Rf5 Rc3 31. Rxc3 dxc3 32. Rh5 Re7 33. Rh4 Bd4+ 34. Kf1 Be5 35. Bf5 Rc7 36. Ke2 Rg7 37. g3 Re7 38. Kd3 b6 39. Rc4 Kg7 40. Rc6 Re8 41. d6 Rd8 42. d7 Kf8 43. Kc4 Ke7 44. Kb5 Bd4 45. Ka6 Bg1 46. h3 Bd4 47. g4 h6 48. Rc4 Be5 49. Kxa7 b5 50. Rc8 Bf4 51. Ka6 Bc1 52. Rxc3 Bxa3 53. Re3+ Kd6 54. Rxa3 Kc6 55. Rc3+ Kd6 56. Rc8 1-0

[Event "British Rapidplay"]
[Site "Peterborough"]
[Date "2025.03.02"]
[Round "8.9"]
[White "Martyn, Rafe"]
[Black "Verbytski, Oleg"]
[Result "0-1"]
[WhiteElo "2201"]
[BlackElo "2111"]
[PlyCount "119"]
[EventDate "2025.03.01"]
[EventType "swiss (rapid)"]
[EventRounds "11"]
[EventCountry "ENG"]
[SourceTitle "BritBase"]
[Source "John Saunders"]
[SourceDate "2025.03.03"]
[SourceVersion "1"]
[SourceVersionDate "2025.03.03"]
[SourceQuality "2"]

1. e4 c5 2. Nf3 d6 3. Bb5+ Bd7 4. c4 Nf6 5. Nc3 g6 6. d4 cxd4 7. Nxd4 Bg7 8. h3 Nc6 9. Be3 Rc8 10. Bxc6 Bxc6 11. Nxc6 Rxc6 12. Qb3 O-O 13. O-O Qc8 14. Nb5 Rxc4 15. Nxa7 Qe6 16. Rac1 Rxc1 17. Rxc1 Qxe4 18. Nc8 Re8 19. Qb5 Kf8 20. Nb6 Qe6 21. Bg5 Rd8 22. Bxf6 Bxf6 23. Nd5 Qd7 24. Qxd7 Rxd7 25. Nxf6 exf6 26. Rc8+ Kg7 27. Kf1 f5 28. f4 h6 29. h4 Kf6 30. Ke2 Ke6 31. Kd3 Kd5 32. Rh8 h5 33. Rc8 Re7 34. a4 Re4 35. g3 Rxa4 36. Rc7 Rb4 37. Kc3 Re4 38. Kd3 Rd4+ 39. Ke3 Rb4 40. Rxf7 Rb3+ 41. Kf2 Rxb2+ 42. Ke3 Rb3+ 43. Kf2 Kc4 44. Rf6 d5 45. Rxg6 d4 46. Rg5 Rb2+ 47. Ke1 d3 48. Rxf5 b5 49. Rf8 Re2+ 50. Kd1 Rg2 51. Rg8 b4 52. f5 b3 53. Rc8+ Kd4 54. f6 b2 55. Rd8+ Ke5 56. Rb8 b1=Q+ 57. Rxb1 Rg1+ 58. Kd2 Rxb1 59. Kxd3 Kxf6 60. Kd4 0-1

[Event "British Rapidplay"]
[Site "Peterborough"]
[Date "2025.03.02"]
[Round "8.10"]
[White "Rushbrooke, Remy"]
[Black "Bowcott-Terry, Finlay"]
[Result "1/2-1/2"]
[WhiteElo "2094"]
[BlackElo "2202"]
[PlyCount "76"]
[EventDate "2025.03.01"]
[EventType "swiss (rapid)"]
[EventRounds "11"]
[EventCountry "ENG"]
[SourceTitle "BritBase"]
[Source "John Saunders"]
[SourceDate "2025.03.03"]
[SourceVersion "1"]
[SourceVersionDate "2025.03.03"]
[SourceQuality "2"]

1. Nf3 e6 2. g3 f5 3. Bg2 Nf6 4. d4 Be7 5. O-O O-O 6. c4 d6 7. Nc3 Ne4 8. Qc2 Nxc3 9. Qxc3 Bf6 10. b4 c5 11. Bb2 Nc6 12. bxc5 dxc5 13. e3 Qa5 14. Qb3 Rb8 15. Ne5 Nxe5 16. dxe5 Be7 17. Rfd1 Qc7 18. Qa4 a6 19. Rac1 b5 20. Qc2 Bb7 21. cxb5 Bxg2 22. Kxg2 axb5 23. a4 c4 24. axb5 Rxb5 25. Bd4 Rc8 26. Kg1 Qb7 27. Ra1 Bf8 28. Ra7 Qf3 29. Rc1 Qd5 30. Qa2 h5 31. h4 Kh7 32. Qe2 Kg6 33. Ra6 Rb7 34. Qa2 Rbc7 35. Ra5 Qe4 36. Ra6 Qd5 37. Ra5 Qe4 38. Ra4 Qd5 1/2-1/2

[Event "British Rapidplay"]
[Site "Peterborough"]
[Date "2025.03.02"]
[Round "8.11"]
[White "Sarakauskas, Gediminas"]
[Black "Davis, Colin J"]
[Result "1/2-1/2"]
[WhiteElo "2323"]
[BlackElo "1987"]
[PlyCount "85"]
[EventDate "2025.03.01"]
[EventType "swiss (rapid)"]
[EventRounds "11"]
[EventCountry "ENG"]
[SourceTitle "BritBase"]
[Source "John Saunders"]
[SourceDate "2025.03.03"]
[SourceVersion "1"]
[SourceVersionDate "2025.03.03"]
[SourceQuality "2"]

1. e4 d6 2. d4 Nf6 3. Nc3 g6 4. g3 Bg7 5. Bg2 O-O 6. Nge2 Nc6 7. d5 Na5 8. b3 e6 9. O-O exd5 10. exd5 Bg4 11. Bb2 Re8 12. h3 Bd7 13. Nd4 c5 14. dxc6 bxc6 15. Qd3 Qc8 16. b4 Nb7 17. Qa6 d5 18. b5 Nd8 19. Qxc8 Rxc8 20. bxc6 Nxc6 21. Ndb5 Rb8 22. Ba3 Ne4 23. Nxe4 dxe4 24. Rad1 Rxb5 25. Rxd7 Ra5 26. Bd6 Rxa2 27. Rb1 Rxc2 28. Rbb7 Bd4 29. Rxf7 Nd8 30. Rbe7 Nxf7 31. Rxe8+ Kg7 32. Bf8+ Kf6 33. Rxe4 Bxf2+ 34. Kh2 g5 35. h4 h6 36. Be7+ Kf5 37. g4+ Kg6 38. Re6+ Kg7 39. Be4 Re2 40. Rg6+ Kh7 41. Re6+ Kg7 42. Rg6+ Kh7 43. Re6+ 1/2-1/2

[Event "British Rapidplay"]
[Site "Peterborough"]
[Date "2025.03.02"]
[Round "8.12"]
[White "Kanyamarala, Tarun"]
[Black "Martin, Lewis"]
[Result "1/2-1/2"]
[WhiteElo "2389"]
[BlackElo "2050"]
[PlyCount "118"]
[EventDate "2025.03.01"]
[EventType "swiss (rapid)"]
[EventRounds "11"]
[EventCountry "ENG"]
[SourceTitle "BritBase"]
[Source "John Saunders"]
[SourceDate "2025.03.03"]
[SourceVersion "1"]
[SourceVersionDate "2025.03.03"]
[SourceQuality "2"]

1. d4 d5 2. c4 c6 3. Nf3 Nf6 4. e3 Bf5 5. Nc3 e6 6. Nh4 Bg6 7. Bd2 Nbd7 8. Qb3 Qb6 9. Nxg6 hxg6 10. c5 Qc7 11. Be2 e5 12. h4 Be7 13. g4 Rb8 14. g5 Nh7 15. Bf3 e4 16. Bg2 f6 17. Nxe4 dxe4 18. Bxe4 Nhf8 19. Qc2 f5 20. Bf3 Ne6 21. Qc4 Ndf8 22. b4 Qd7 23. a4 Nc7 24. b5 cxb5 25. axb5 Qxb5 26. Qc2 Nfe6 27. Rxa7 O-O 28. h5 Nxg5 29. Qa2+ Kh7 30. hxg6+ Kxg6 31. Bh5+ Kf6 32. d5 Bxc5 33. Qa1+ Ke7 34. Ra5 Qb6 35. Qxg7+ Nf7 36. Rg1 Rbd8 37. Rg6 Rd6 38. Bc3 Nxd5 39. Rxd6 Qxd6 40. Ra8 Rxa8 41. Qxf7+ Kd8 42. Bg7 Qd7 43. Qg8+ Kc7 44. Be5+ Kb6 45. Qxa8 Nb4 46. Be2 Qd5 47. Qh8 Nd3+ 48. Bxd3 Qxd3 49. Qf6+ Kb5 50. Bc3 Kc4 51. Bd2 b5 52. Qf7+ Qd5 53. Qxd5+ Kxd5 54. f3 Kc4 55. e4 fxe4 56. fxe4 Kd4 57. Kd1 Kxe4 58. Kc2 Kd4 59. Kb3 Kd3 1/2-1/2

[Event "British Rapidplay"]
[Site "Peterborough"]
[Date "2025.03.02"]
[Round "8.13"]
[White "Fellowes, Billy"]
[Black "Siva, Mahadevan"]
[Result "0-1"]
[WhiteElo "2203"]
[BlackElo "2369"]
[PlyCount "52"]
[EventDate "2025.03.01"]
[EventType "swiss (rapid)"]
[EventRounds "11"]
[EventCountry "ENG"]
[SourceTitle "BritBase"]
[Source "John Saunders"]
[SourceDate "2025.03.03"]
[SourceVersion "1"]
[SourceVersionDate "2025.03.03"]
[SourceQuality "2"]

1. e4 c5 2. Nf3 d6 3. d4 Nf6 4. Nc3 cxd4 5. Qxd4 a6 6. Bg5 Nc6 7. Qd2 Bg4 8. Nd4 Nxd4 9. Qxd4 Qa5 10. Bxf6 gxf6 11. Bc4 Qe5 12. Qb6 Rc8 13. Qb3 e6 14. h3 Bh5 15. O-O Rg8 16. Rfe1 Bf3 17. g4 h5 18. Qa4+ Kd8 19. Nd5 hxg4 20. Qa5+ Ke8 21. Qa4+ Rc6 22. h4 g3 23. Nxf6+ Qxf6 24. Re3 gxf2+ 25. Kf1 Bg2+ 26. Ke2 f1=Q+ 0-1

[Event "British Rapidplay"]
[Site "Peterborough"]
[Date "2025.03.02"]
[Round "8.14"]
[White "Cancedda-Dupuis, Livio"]
[Black "Brett, Andrew R"]
[Result "1-0"]
[WhiteElo "2053"]
[BlackElo "2060"]
[PlyCount "70"]
[EventDate "2025.03.01"]
[EventType "swiss (rapid)"]
[EventRounds "11"]
[EventCountry "ENG"]
[SourceTitle "BritBase"]
[Source "John Saunders"]
[SourceDate "2025.03.03"]
[SourceVersion "1"]
[SourceVersionDate "2025.03.03"]
[SourceQuality "2"]

1. Nf3 Nf6 2. c4 e6 3. d4 d5 4. e3 a6 5. cxd5 exd5 6. Bd3 Bd6 7. O-O Bg4 8. Nbd2 Nbd7 9. b3 O-O 10. Bb2 Re8 11. Rc1 Ne4 12. Be2 f5 13. h3 Bh5 14. Qc2 Rc8 15. Rfe1 Qe7 16. Qd3 Bb4 17. Red1 f4 18. Nf1 Bg6 19. Ne5 Nxe5 20. dxe5 Ng3 21. Qxd5+ Bf7 22. Qf3 Bh5 23. Bc4+ Kh8 24. Qxf4 Ne2+ 25. Bxe2 Bxe2 26. Rd4 Bc5 27. Rd2 Bb5 28. Ng3 Bb4 29. Rdd1 Ba3 30. Nf5 Qf8 31. Bxa3 Qxa3 32. e6 Bc6 33. Nxg7 Rg8 34. Nf5 Rxg2+ 35. Kf1 Rg6 1-0